000 00526nam a22002057a 4500
003 OSt
005 20140310182754.0
008 130204t xxu||||| |||| 00| 0 eng d
020 _a9780390483591
050 _aQ160
_b.T575 2008
082 _aM 500.22
_bT46 2008
245 _aPhysical science : an introduction.
_cTillery, Bill W.
260 _aUSA
_bMcGraw-Hill
_c2008
300 _a452 p.
_c25.5 cm
521 _acollege students
526 _c1210L-1700L
541 _j1
562 _e2
942 _2lcc
_cBK
_kM
999 _c15817
_d15817